000 00657nam a2200229Ia 4500
001 16978
003 GE_BSU
008 181216s||||||||xx |||||||||||||| ||und||
040 _cGE_BSU
080 _a821.353.1-1
100 _aავსაჯანიშვილი, მირანგულ
245 _aგამოღვიძება
245 _bლექსები
245 _cრედ.ზ.ბოლქვაძე
260 _aთბილისი
260 _bმერანი
260 _c1981
300 _a55გვ.16სმ.
653 _aგამოღვიძება
653 _aლექსები
942 _cBK
999 _c50040
_d50040